| 000 | 00649nam a2200217 a 4500 | ||
|---|---|---|---|
| 001 | 19567 | ||
| 003 | CO-ViMGA | ||
| 008 | 141112s2004 ck r 000 u spa d | ||
| 020 | _a9501517551 | ||
| 040 |
_aCO-ViMGA _bspa _cCO-ViMGA |
||
| 082 | 0 | 4 | _a157.3 S416 |
| 100 | 1 |
_aShapiro, Lawrence _928264 |
|
| 245 | 1 | 0 |
_aLa Inteligencia emocional de los niños : _bcociente emocional |
| 260 |
_aBuenos Aires : _bJavier Vergara Ediciones; 1997 |
||
| 300 | _a305 p. | ||
| 590 | _aForma de adquisición : Premio Mincultura | ||
| 650 | 1 | 4 |
_aEMOCIONES _91815 |
| 650 | 1 | 4 |
_aINTELIGENCIA EMOCIONAL _91817 |
| 650 | 1 | 4 |
_aPSICOLOGIA INFANTIL _91631 |
| 942 |
_2ddc _cBK |
||
| 999 |
_c28707 _d28707 |
||